000 00418nmm a2200157Ia 4500
008 251105s9999||||xx |||||||||||||||||und||
041 _aspa
100 _aHill, Linda
245 0 _aSecretos del pasado
264 _a[Madrid, España] :
_bEditorial Egales,
_c2018
300 _a212 páginas
490 _aNarrativa
650 _aRomance
856 _uhttps://public.digitaliapublishing.com/a/169918
942 _cCF
999 _c100195
_d100195